Southville International School and Colleges
Your cart is empty.
  • Cart
  • Lists
    Public lists Eva Luna New books Lux_list list_1
    Your lists Log in to create your own lists
  • Log in to your account
  • Your cookies
  • Search history
Southville International School and Colleges
  • Advanced search
  • Recent comments
  • Most popular
  • Libraries

Log in to your account

Log in with GOOGLE


If you do not have an external account, but do have a local account, you can still log in:

  1. Home
  2. MARC view: Every kid's guide to being a communicator /
Normal view MARC view ISBD view

Every kid's guide to being a communicator / (Record no. 110043)

[ view plain ]
MARC details
000 -LEADER
fixed length control field 00581nam a2200217 a 4500
001 - CONTROL NUMBER
control field 1640
005 - DATE AND TIME OF LATEST TRANSACTION
control field 20140414131848.0
008 - FIXED-LENGTH DATA ELEMENTS--GENERAL INFORMATION
fixed length control field 010530s19uu xx 00 eng d
020 ## - INTERNATIONAL STANDARD BOOK NUMBER
International Standard Book Number 0-516-01404-8
050 ## - LIBRARY OF CONGRESS CALL NUMBER
Classification number M 303.3
Item number B46 1987
100 ## - MAIN ENTRY--PERSONAL NAME
Personal name Berry, Joy
245 ## - TITLE STATEMENT
Title Every kid's guide to being a communicator /
Statement of responsibility, etc by Joy Berry.
260 ## - PUBLICATION, DISTRIBUTION, ETC. (IMPRINT)
Place of publication, distribution, etc Chicago :
Name of publisher, distributor, etc Children Press,
Date of publication, distribution, etc 1987.
300 ## - PHYSICAL DESCRIPTION
Extent 48 p. ; cm.
440 ## - SERIES STATEMENT/ADDED ENTRY--TITLE
Title Living skills
500 ## - GENERAL NOTE
General note Note: last page (p.48) torn.
650 ## - SUBJECT ADDED ENTRY--TOPICAL TERM
Topical term or geographic name as entry element Values.
650 ## - SUBJECT ADDED ENTRY--TOPICAL TERM
Topical term or geographic name as entry element Family life.
650 ## - SUBJECT ADDED ENTRY--TOPICAL TERM
Topical term or geographic name as entry element Communication.
Holdings
Withdrawn status Lost status Damaged status Use restrictions Home library Current library Shelving location Date acquired Source of acquisition Total Checkouts Full call number Barcode Date last seen Price effective from Koha item type
        Munich Library Munich Library Main Section 12/21/2004     M 303.3 B46 1987 M0288 04/14/2014 04/14/2014 Books

Every kid's guide to being a communicator /

APA

Berry J., . (1987). Every kid's guide to being a communicator. Chicago: Children Press.

Chicago

Berry Joy, . 1987. Every kid's guide to being a communicator. Chicago: Children Press.

Harvard

Berry J., . (1987). Every kid's guide to being a communicator. Chicago: Children Press.

MLA

Berry Joy, . Every kid's guide to being a communicator. Chicago: Children Press. 1987.

  • Place hold
  • Print
  • Cite
  • Add to your cart (remove)
  • Save record
    BIBTEX Dublin Core MARCXML MARC (non-Unicode/MARC-8) MARC (Unicode/UTF-8) MARC (Unicode/UTF-8, Standard) MODS (XML) RIS
  • More searches
    Search for this title in:
    Other Libraries (WorldCat) Other Databases (Google Scholar) Online Stores (Bookfinder.com) Open Library (openlibrary.org)

Exporting to Dublin Core...

SOUTHVILLE LIBRARY

Southville International School and Colleges Library

1281 Tropical Ave. Cor. Luxembourg St., BF Homes International, Las Pinas City

Tel. No. 8256374 / 252358 Loc. 117/146

Powered by Koha